Statistics for European Capitals with the Most Sunshine

Click here to take the quiz!

General Stats

  • This quiz has been taken 213 times
  • The average score is 8 of 10

Answer Stats

Sunshine (h/yr)Capital% Correct
2,848Athens
98%
2,769Madrid
98%
2,473Rome
98%
2,806Lisbon
94%
3,049Valletta
80%
2,473Vatican City
78%
2,669Monaco
73%
2,544Tirana
69%
2,339Skopje
62%
2,473Podgorica
50%

Score Distribution

Percentile by Number Answered

Percent of People with Each Score

Your Score History

You have not taken this quiz